| 000 | 00855nam a2200217Ii 4500 | ||
|---|---|---|---|
| 003 | JO-AjNU | ||
| 008 | 230605s9999||||xx |||||||||||||| ||und|| | ||
| 017 | _a1992/1265 | ||
| 040 |
_aJO-AjNU _bara _erda _cJO-AjNU |
||
| 041 | _aara | ||
| 050 | 1 | 4 | _aGN397.5.E7612 1992 |
| 100 | 3 |
_aتاليف إيرني، بيار؛ ترجمة الأمين، عدنان, _eauthor _914916 |
|
| 245 | 0 | 0 | _aأتنولوجيا التربية = Ethnologie de L,education |
| 264 | 3 | 1 | _aبيروت: معهد الانماء العربي، الهيئة القومية للبحث العلمي، 1992 |
| 300 | _a198ص | ||
| 336 |
_atext _btxt _2rdacontent |
||
| 337 |
_aunmediated _bn _2rdamedia |
||
| 338 |
_avolume _bnc _2rdacarrier |
||
| 490 | 0 | _aالدراسات الاجتماعية بيروت-ليبيا | |
| 650 | 4 |
_aالتعليم-فلسفة-التربية-فلسفة _914917 |
|
| 999 |
_aA4092 _c7660 _d7660 |
||